Modelový přístup k řešení výstavby jaderných elektráren

Podrobná bibliografia
Hlavní autori: Cihlář, Miroslav (Autor), Chaluš, Zdeněk (Autor)
Médium: Článok
Jazyk:slovenčina
čeština
Fyzický popis:Obr. 9., lit. 14 zázn. v češ.
Predmet:

MARC

LEADER 00000nab a2200000 a 4500
001 vtls000214523
003 SK-MaSNL
005 20260304213656.0
008 250422c1984 xo 0 slo
015 |a SNBRB19rr/mm-uuuuu 
035 |a CL0224637 
035 |a urn:nbn:sk:snk-ab2r2f 
035 |a (urnnbn)urn:nbn:sk:snk:ar-a02tuo 
035 |a (uuid)23a7d830-8c42-4516-af55-3f8060479395 
040 |a SNKBUCL  |b slo  |c SNKBUCL  |e AACR2 
041 0 |a cze 
044 |a xo  |c SK 
080 |a 621.311.25:621.039  |2 1981 
080 |a 621.039  |2 1981 
100 1 |a Cihlář, Miroslav  |4 aut  |9 1546847 
245 1 0 |a Modelový přístup k řešení výstavby jaderných elektráren  |c Miroslav Cihlář, Zdeněk Chaluš 
300 |b Obr. 9., lit. 14 zázn. v češ. 
650 0 7 |a jadrové elektrárne  |2 snkbucl  |9 15295 
655 7 |a články z novín a časopisov  |2 snkbucl  |9 267496 
700 1 |a Chaluš, Zdeněk  |4 aut  |9 1546848 
773 0 |t Inženýrské stavby  |g Roč. 32, č. 11-12 (1984), s. 574-579 
850 |a Slovenská národná knižnica 
852 |a Slovenská národná knižnica 
954 |a odborná, vedecká literatúra cudzojazyčná (svetová)  |2 lita 
958 |a article2022 
958 |a NB 
958 |a RK 
958 |a CZ 
958 |a OND 
958 |a EUIPO 
992 |a RBX 
999 |c 3137039  |d 3138969